Jerry Bruckheimer Filmography - Statistics

General Stats
  • This quiz has been taken 18 times
    11 since last reset
  • The average score is 61 of 127
Answer Stats
Type Year Name % Correct
Film Production 1986 Top Gun
100%
Film Production 2022 Top Gun: Maverick
100%
Film Production 1995 Bad Boys
83%
Film Production 2003 Bad Boys II
83%
Film Production 2025 F1: The Movie
83%
Film Production 2018 12 Strong
67%
Film Production 1980 American Gigolo
67%
TV Show Production 2022 American Gigolo
67%
Film Production 1998 Armageddon
67%
Film Production 2020 Bad Boys for Life
67%
Film Production 2024 Bad Boys: Ride or Die
67%
Film Production 2002 Bad Company
67%
Film Production 1984 Beverly Hills Cop
67%
TV Pilot Production 2013 Beverly Hills Cop
67%
Film Production 2024 Beverly Hills Cop: Axel F
67%
Film Production 1987 Beverly Hills Cop II
67%
Film Production 2001 Black Hawk Down
67%
Film Production 1997 Con Air
67%
Film Production 2009 Confessions of a Shopaholic
67%
Film Production 2000 Coyote Ugly
67%
Film Production 1995 Crimson Tide
67%
Film Production 1995 Dangerous Minds
67%
TV Show Production 1996 Dangerous Minds
67%
Film Production 1990 Days of Thunder
67%
Film Production 2006 Deja Vu
67%
Film Production 2014 Deliver Us from Evil
67%
Film Production 1998 Enemy of the State
67%
TV Show Production TBA Enemy of the State
67%
Film Production 1983 Flashdance
67%
Film Production 2019 Gemini Man
67%
Film Production 2009 G-Force
67%
Film Production 2006 Glory Road
67%
Film Production 2000 Gone in 60 Seconds
67%
Film Production 2003 Kangaroo Jack
67%
Film Production 2004 King Arthur
67%
Film Production 2004 National Treasure
67%
Film Production 2001 Pearl Harbor
67%
Film Production 2007 Pirates of the Caribbean: At World's End
67%
Film Production 2006 Pirates of the Caribbean: Dead Man's Chest
67%
Film Production 2017 Pirates of the Caribbean: Dead Men Tell No Tales
67%
Film Production 2011 Pirates of the Caribbean: On Stranger Tides
67%
Film Production 2003 Pirates of the Caribbean: The Curse of the Black Pearl
67%
Film Production 2000 Remember the Titans
67%
Film Production 2013 The Lone Ranger
67%
Film Production 1994 The Ref
67%
Film Production 1996 The Rock
67%
Film Production 2010 The Sorcerer's Apprentice
67%
Film Production 1981 Thief
67%
Film Production 1984 Thief of Hearts
67%
Film Production 2003 Veronica Guerin
67%
Film Production 1982 Cat People
50%
TV Show Production 2000-2015 CSI: Crime Scene Investigation
50%
Video Game Production 2003 CSI: Crime Scene Investigation
50%
TV Show Production 2002-2012 CSI: Miami
50%
TV Show Production 2004-2013 CSI: NY
50%
Film Production 1975 Farewell, My Lovely
50%
Film Production 1977 March or Die
50%
Film Production TBA National Treasure 3
50%
Film Production 2007 National Treasure: Book of Secrets
50%
Film Production 2010 Prince of Persia: The Sands of Time
50%
Film Production 2022 Secret Headquarters
50%
Film Production 1972 The Culpepper Cattle Co.
50%
Film Production 2024 The Ministry of Ungentlemanly Warfare
50%
Film Production 1982 Young Doctors in Love
50%
Film Production 2024 Young Woman and the Sea
50%
TV Show Production 2025 Boston Blue
33%
TV Show Production 2010-2011 Chase
33%
TV Show Production 2005-2007 Close to Home
33%
TV Show Production 2003-2010 Cold Case
33%
TV Show Production 2020 Council of Dads
33%
TV Show Production 2015-2016 CSI: Cyber
33%
TV Film Production 2015 CSI: Immortality
33%
TV Show Production 2021-2024 CSI: Vegas
33%
TV Show Production 2009-2010 Dark Blue
33%
Film Production 1980 Defiance
33%
TV Show Production 2008-2009 Eleventh Hour
33%
TV Show Production 2005-2006 E-Ring
33%
TV Pilot Production 2004 Fearless
33%
TV Show Production 2022-Present Fire Country
33%
Concert Film Production 2025 Hans Zimmer & Friends: Diamond in the Desert
33%
Concert Film Appearance 2025 Hans Zimmer & Friends: Diamond in the Desert
33%
TV Show Production 2020-2021 Hightown
33%
TV Pilot Production 2016 Home
33%
TV Show Production 2013-2014 Hostages
33%
TV Show Production 2006-2007 Justice
33%
TV Show Production 2005-2006 Just Legal
33%
TV Show Production 2019-2020 L.A.'s Finest
33%
TV Show Production 2016-2021 Lucifer
33%
TV Pilot Production 2019 Main Justice
33%
TV Show Production 2013-2014 Marshal Law: Texas
33%
TV Film Production 1998 Max Q
33%
TV Show Production 2010 Miami Medical
33%
TV Show Production 2006 Modern Men
33%
Web Series Production 2022-2023 National Treasure: Edge of History
33%
Film Production TBA Origin
33%
Documentary Series Production 2003 Profiles from the Front Line
33%
Film Production 1975 Rafferty and the Gold Dust Twins
33%
TV Show Production 2025 Sheriff Country
33%
TV Pilot Production 2019 SI True Crime
33%
TV Show Production 2003-2005 Skin
33%
TV Film Production 1997 Soldier of Fortune
33%
TV Show Production 1997-1999 Soldier of Fortune, Inc.
33%
TV Film Production 1999 Swing Vote
33%
TV Show Production 2011 Take the Money & Run
33%
TV Show Production 2001-Present The Amazing Race
33%
TV Show Production 2006-2016 The Amazing Race Asia
33%
TV Show Production 2012-2014 The Amazing Race Philippines
33%
TV Show Production 2009-2010 The Forgotten
33%
TV Pilot Production 2002 The Legacy
33%
TV Film Production TBA The Legacy
33%
Documentary Series Writer 2024 The Real CSI: Miami
33%
Documentary Series Production 2024 The Real CSI: Miami
33%
TV Show Production 2010-2012 The Whole Truth
33%
Film Production TBA The Wild Bunch
33%
TV Show Production 2017 Training Day
33%
TV Pilot Production 2013 Trooper
33%
TV Show Production 2002-2009 Without a Trace
33%
Documentary Series Appearance 1988 48 Hours
17%
Documentary Series Appearance 2004, 2005 Biography
17%
Documentary Series Appearance 2007 E! True Hollywood Story
17%
Documentary Series Appearance 1997 Omnibus
17%
TV Show Production 2011-2023 The Amazing Race Australia
17%
TV Show Production 2010-2012 The Amazing Race: China Rush
17%
TV Special Appearance 2013 The American Cinematheque Tribute to Jerry Bruckheimer
17%
Short Film Production 2008 The Dreaming
17%
TV Show Production 2008-2009 Un Gancho al Corazón
17%
Short Documentary Production 2003 Diary of a Pirate
0%
No matching quizzes found
Score Distribution
Percent of People with Each Score
Percentile by Number Answered
Your Score History
You have not taken this quiz since the last reset